Essential microsoft works 4.0: tutorials for teachers. / (Record no. 2202)
[ view plain ]
| 000 -LEADER | |
|---|---|
| fixed length control field | 01063nam a22001697a 4500 |
| 008 - FIXED-LENGTH DATA ELEMENTS--GENERAL INFORMATION | |
| fixed length control field | 120828t xxu||||| |||| 00| 0 eng d |
| 020 ## - INTERNATIONAL STANDARD BOOK NUMBER | |
| International Standard Book Number | 0697354830 |
| 050 ## - LIBRARY OF CONGRESS CALL NUMBER | |
| Classification number | QA76.76.I57 P78 |
| 100 ## - MAIN ENTRY--PERSONAL NAME | |
| Personal name | Poole, Bernard John |
| 245 ## - TITLE STATEMENT | |
| Title | Essential microsoft works 4.0: tutorials for teachers. / |
| Statement of responsibility, etc. | Bernard John Poole |
| 260 ## - PUBLICATION, DISTRIBUTION, ETC. | |
| Place of publication, distribution, etc. | Boston: |
| Name of publisher, distributor, etc. | McGraw Hill, |
| Date of publication, distribution, etc. | c1998. |
| 300 ## - PHYSICAL DESCRIPTION | |
| Extent | xi, 198 p.: |
| Other physical details | ill |
| Dimensions | 27cm. |
| 500 ## - GENERAL NOTE | |
| General note | Includes index. |
| 505 ## - FORMATTED CONTENTS NOTE | |
| Formatted contents note | Contents: Introduction to the word processor: writing a conference call letter -- More on word processing: Working with larger documents -- Introduction to the spreadsheet: preparing a gradesheet -- More on the use of the spreadsheet: making challenges to existing spreadsheets -- Introduction to the database: keeping student records -- More on database use: manipulating the data in the database -- Integrating the components of works: mail merge and related operations -- Workswizards and other wonders: creating certificates, greeting cards, slide shows, and newsletters. |
| 650 ## - SUBJECT ADDED ENTRY--TOPICAL TERM | |
| Topical term following geographic name entry element | Microsoft Works. |
| 942 ## - ADDED ENTRY ELEMENTS (KOHA) | |
| Source of classification or shelving scheme | Library of Congress Classification |
| Koha item type | Books |
| Withdrawn status | Lost status | Source of classification or shelving scheme | Damaged status | Not for loan | Home library | Current library | Shelving location | Date acquired | Total Checkouts | Full call number | Barcode | Date last seen | Copy number | Price effective from | Koha item type |
|---|---|---|---|---|---|---|---|---|---|---|---|---|---|---|---|
| Library of Congress Classification | WISCONSIN INTERNATIONAL UNIVERSITY COLLEGE, GHANA - MAIN LIBRARY | WISCONSIN INTERNATIONAL UNIVERSITY COLLEGE, GHANA - MAIN LIBRARY | General Stacks | 28/08/2012 | QA76.76.I57 P78 | 5085/12 | 28/08/2012 | 1 | 28/08/2012 | Books | |||||
| Library of Congress Classification | WISCONSIN INTERNATIONAL UNIVERSITY COLLEGE, GHANA - MAIN LIBRARY | WISCONSIN INTERNATIONAL UNIVERSITY COLLEGE, GHANA - MAIN LIBRARY | General Stacks | 28/08/2012 | QA76.76.I57 P781 | 5086/12 | 28/08/2012 | 2 | 28/08/2012 | Books |
